Introducción a la Genética Humana / (Record no. 6762)

000 -CABECERA
fixed length control field 01011nam a22002777a 4500
003 - IDENTIFICADOR DEL NÚMERO DE CONTROL
control field AR-CdUCM
008 - DATOS DE LONGITUD FIJA--INFORMACIÓN GENERAL
fixed length control field 190319b ||||| |||| 00| 0 spa d
020 ## - NÚMERO INTERNACIONAL ESTÁNDAR DEL LIBRO
ISBN 84-205-0357-6
020 ## - NÚMERO INTERNACIONAL ESTÁNDAR DEL LIBRO
ISBN 0-675-08773-2
040 ## - FUENTE DE LA CATALOGACIÓN
Agencia/entidad que catalogó originalmente la obra MUNICIPALIDAD PROVINCIAL DEL CUSCO
Entidad que transcribió la catalogación BIBLIOTECA MUNICIPAL DEL CUSCO
082 ## - NÚMERO DE LA CLASIFICACIÓN DECIMAL DEWEY
No. de Clasificación 575.1 /
Notacion interna W62
100 ## - ENTRADA PRINCIPAL--NOMBRE DE PERSONA
Nombre Personal Winchester, A. M.
245 ## - MENCIÓN DE TÍTULO
Título Introducción a la Genética Humana /
260 ## - PUBLICACIÓN, DISTRIBUCIÓN, ETC.
Lugar de publicación, distribución, etc. Madrid :
Nombre de la editorial, distribuidor, etc. Alhambra,
Fecha de publicación, distribución, etc. 1980.
300 ## - DESCRIPCIÓN FÍSICA
Nº de Páginas Extensión 215 paginas ;
Otros detalles físicos Ilustraciones, graficos, tablas, dibujos,
Dimensiones 20cm.
440 ## - MENCIÓN DE SERIE/PUNTO DE ACCESO ADICIONAL--TÍTULO
Título Exedra - ciencia tecnica ingenieria
Número de la parte/sección de una obra 120
9 (RLIN) 19038
505 ## - NOTA DE CONTENIDO CON FORMATO
Nota de contenido formateada Contenido: fundamento fisico de la herencia -- puente de la vida -- nueva vida -- expresividad genetica -- determinacion del sexo...
650 ## - PUNTO DE ACCESO ADICIONAL DE MATERIA--TÉRMINO DE MATERIA
Descriptor Biologia
9 (RLIN) 881
650 ## - PUNTO DE ACCESO ADICIONAL DE MATERIA--TÉRMINO DE MATERIA
Descriptor Fundamentos fisicos
9 (RLIN) 19039
650 ## - PUNTO DE ACCESO ADICIONAL DE MATERIA--TÉRMINO DE MATERIA
Descriptor Genetica
9 (RLIN) 5063
650 ## - PUNTO DE ACCESO ADICIONAL DE MATERIA--TÉRMINO DE MATERIA
Descriptor Libros del saber
9 (RLIN) 19040
700 ## - PUNTO DE ACCESO ADICIONAL--NOMBRE DE PERSONA
Nombre Personal Fernandez Frias, Carlos
9 (RLIN) 19041
700 ## - PUNTO DE ACCESO ADICIONAL--NOMBRE DE PERSONA
Nombre Personal Palafox, Silverio
9 (RLIN) 19042
942 ## - ELEMENTOS DE PUNTO DE ACCESO ADICIONAL (KOHA)
Fuente de clasificación
Tipo de item Libros-BMC
945 ## - PROCESAMIENTO DE INFORMACIÓN LOCAL (OCLC)
Catalogador pjha
Holdings
Estado de retiro (separado) Fuente de clasificación o esquema de estanterías Estado dañado Ubicación Sala donde se ubica Nombre de la colección Fecha de adquisición o compra Costo, precio normal en soles Signatura topográfica Código de Barras Última vez visto (Koha) Tipo de ítem (Koha)
No     Sala Ciencias Sala Ciencias Book Cart 2019-03-19 20.00 575.1 / W62 SC0000000138 2019-03-19 Libros-BMC

Powered by Koha